<?xml version="1.0" encoding="UTF-8"?>
<record
    xmlns:xsi="http://www.w3.org/2001/XMLSchema-instance"
    xsi:schemaLocation="http://www.loc.gov/MARC21/slim http://www.loc.gov/standards/marcxml/schema/MARC21slim.xsd"
    xmlns="http://www.loc.gov/MARC21/slim">

  <leader>00589nam a2200145Ia 4500</leader>
  <controlfield tag="008">100204s9999    xx            000 0 und d</controlfield>
  <datafield tag="082" ind1=" " ind2=" ">
    <subfield code="b">17282</subfield>
  </datafield>
  <datafield tag="100" ind1=" " ind2=" ">
    <subfield code="a">&#x92E;&#x939;&#x93E;&#x91C;&#x928;   &#x92A;&#x926;&#x94D;&#x92E;&#x93E;&#x915;&#x930;   &#x935;   &#x907;&#x924;&#x930;  &#x938;&#x902;&#x92A;&#x93E;.</subfield>
  </datafield>
  <datafield tag="245" ind1=" " ind2=" ">
    <subfield code="a">&#x906;&#x920;&#x935;&#x923;&#x940;&#x924;&#x932;&#x94D;&#x92F;&#x93E; &#x915;&#x935;&#x93F;&#x924;&#x93E; &#x92D;&#x93E;&#x917; -2</subfield>
  </datafield>
  <datafield tag="260" ind1=" " ind2=" ">
    <subfield code="b">"&#x90F;&#x915;&#x928;&#x93E;&#x925;  &#x938;&#x93E;&#x916;&#x933;&#x915;&#x930;   `` &#x906;&#x920;&#x935;&#x923; `` , &#x92E;&#x941;&#x902;&#x92C;&#x908;"</subfield>
    <subfield code="c">1993</subfield>
  </datafield>
  <datafield tag="300" ind1=" " ind2=" ">
    <subfield code="a">166</subfield>
  </datafield>
  <datafield tag="630" ind1=" " ind2=" ">
    <subfield code="a">&#x906;&#x920;&#x935;&#x923;&#x940;&#x924;&#x932;&#x94D;&#x92F;&#x93E; &#x915;&#x935;&#x93F;&#x924;&#x93E; &#x92D;&#x93E;&#x917; -2</subfield>
  </datafield>
  <datafield tag="730" ind1=" " ind2=" ">
    <subfield code="a">&#x906;&#x920;&#x935;&#x923;&#x940;&#x924;&#x932;&#x94D;&#x92F;&#x93E; &#x915;&#x935;&#x93F;&#x924;&#x93E; &#x92D;&#x93E;&#x917; -2</subfield>
  </datafield>
  <datafield tag="942" ind1=" " ind2=" ">
    <subfield code="c">BOOK</subfield>
  </datafield>
  <datafield tag="999" ind1=" " ind2=" ">
    <subfield code="c">461705</subfield>
    <subfield code="d">461702</subfield>
  </datafield>
  <datafield tag="952" ind1=" " ind2=" ">
    <subfield code="0">0</subfield>
    <subfield code="1">0</subfield>
    <subfield code="4">0</subfield>
    <subfield code="7">0</subfield>
    <subfield code="a">NCKMULUND</subfield>
    <subfield code="b">NCKMULUND</subfield>
    <subfield code="d">2010-02-04</subfield>
    <subfield code="g">60.00</subfield>
    <subfield code="l">0</subfield>
    <subfield code="o">17282</subfield>
    <subfield code="p">NCKMULUND-17282</subfield>
    <subfield code="r">2010-02-04 00:00:00</subfield>
    <subfield code="v">60.00</subfield>
    <subfield code="w">2010-02-04</subfield>
    <subfield code="y">BOOK</subfield>
  </datafield>
</record>
